000 00387nam a22001337a 4500
005 20250704144945.0
008 250704b |||||||| |||| 00| 0 eng d
100 _aZhao Hongtao
245 _a简编教理的对象与价值
260 _aRome:
_bUrbaniana University Press,
_c2019.
300 _aLXXIV No. 2 (PP: 157-179)
440 _aUrbaniana University Journal
942 _2lcc
_cART
999 _c204583
_d204543